Partis politiques des présidents français - Statistiques

Statistiques générales
  • Ce quiz a été pris 1 098 fois
  • Le résultat moyen est 6 sur 24
Statistiques - réponses
Rép. Mandat Président Parti % Correct
Ve 2017- Emmanuel Macron LREM
97%
Ve 2012-2017 François Hollande PS
97%
Ve 1981-1995 François Mitterrand PS
84%
Ve 2007-2012 Nicolas Sarkozy UMP
81%
Ve 2002-2007 Jacques Chirac UMP
77%
Ve 1995-2002 Jacques Chirac RPR
63%
Ve 1969-1974 Georges Pompidou UDR
20%
IVe 1947-1954 Vincent Auriol SFIO
13%
Ve 1959-1969 Charles de Gaulle UNR
9%
IIe 1848-1852 Louis-Napoléon Bonaparte Bonapartisme
7%
Ve 1974-1981 Valéry Giscard d'Estaing FNRI
7%
IIIe 1924-1931 Gaston Doumergue RAD
5%
IVe 1954-1959 René Coty CNIP
4%
IIIe 1932-1940 Albert Lebrun AD
3%
IIIe 1906-1913 Armand Fallières ARD
3%
IIIe 1920 Paul Deschanel ARD / PRDS
3%
IIIe 1873-1879 Patrice de Mac-Mahon Légitimisme
3%
IIIe 1871-1873 Adolphe Thiers Orléanisme
3%
IIIe 1913-1920 Raymond Poincaré PRD
3%
IIIe 1899-1906 Émile Loubet Modérés
1%
IIIe 1895-1899 Félix Faure Modérés
1%
IIIe 1894-1895 Jean Casimir-Perier Modérés
1%
IIIe 1887-1894 Marie François Sadi Carnot Modérés
1%
IIIe 1879-1887 Jules Grévy Modérés
1%
Aucun quiz correspondant
Distribution des résultats
% des personnes avec chaque résultat
Percentile par nombre de réponses
Votre historique - résultats
Vous n’avez pas pris ce quiz